Relatividad general (Record no. 72730)

MARC details
000 -LEADER
campo de control de longitud fija 00586nam a2200169 i 4500
001 - NÚMERO DE CONTROL
campo de control 72730
003 - IDENTIFICADOR DE NÚMERO DE CONTROL
campo de control ES-MaACL
007 - CAMPO FIJO DE DESCRIPCIÓN FÍSICA--INFORMACIÓN GENERAL
campo de control de longitud fija t|
008 - DATOS DE LONGITUD FIJA--INFORMACIÓN GENERAL
campo de control de longitud fija 040902s1974 sp ||||1| spa d
100 1# - ENTRADA PRINCIPAL--NOMBRE DE PERSONA
Nombre de persona Goded Echevarría, Federico.
9 (RLIN) 57511
245 10 - MENCIÓN DEL TÍTULO
Título Relatividad general
Resto del título : estado actual y tendencias previstas /
Mención de responsabilidad, etc. Federico Goded Echeverría.
260 ## - PUBLICACIÓN, DISTRIBUCIÓN, ETC.
Lugar de publicación, distribución, etc. [Madrid] :
Nombre del editor, distribuidor, etc. Instituto de España :
-- Cátedra José María Plans,
Fecha de publicación, distribución, etc. [1974]
300 ## - DESCRIPCIÓN FÍSICA
Extensión 218 p. ;
Dimensiones 24 cm.
710 2# - ENTRADA AGREGADA--NOMBRE DE ENTIDAD CORPORATIVA
Nombre de entidad corporativa o nombre de jurisdicción como elemento de entrada Cátedra José María Plans.
9 (RLIN) 2511
710 2# - ENTRADA AGREGADA--NOMBRE DE ENTIDAD CORPORATIVA
Nombre de entidad corporativa o nombre de jurisdicción como elemento de entrada Instituto de España.
9 (RLIN) 4873
852 ## - LOCALIZACIÓN
Ubicación ES-MaACL
Número de control de estantería L-397
Sublocalización o colección R.100994
Holdings
Estatus retirado Estado de pérdida Estado de daño No para préstamo Biblioteca de origen Biblioteca actual Ubicación en estantería Fecha de adquisición Fuente de adquisición Total de préstamos Signatura topográfica completa Código de barras Visto por última vez Precio de reemplazo Tipo de ítem Koha
        Biblioteca del Ateneo de Madrid Biblioteca del Ateneo de Madrid Depósito 2 17/01/2008     L-397 1076135 23/02/2023 23/02/2023 Libro impreso